Effective group discussion : (Record no. 49887)

MARC details
000 -LEADER
fixed length control field 01104nam a22003137a 4500
005 - DATE AND TIME OF LATEST TRANSACTION
control field 20110118122141.0
008 - FIXED-LENGTH DATA ELEMENTS--GENERAL INFORMATION
fixed length control field 110118t xxu||||| |||| 00| 0 eng d
010 ## - LCCN (DPL NO)
LC control number ENG-101898
020 ## - INTERNATIONAL STANDARD BOOK NUMBER
International Standard Book Number 9780071070249
Terms of availability 350.00
035 ## - SYSTEM CONTROL NUMBER
System control number EN-85431
037 ## - SOURCE OF ACQUISITION
Source of stock number/acquisition DBAD/PUB
040 ## - CATALOGING SOURCE
Original cataloging agency dpl
Language of cataloging Eng
082 ## - DEWEY DECIMAL CLASSIFICATION NUMBER
Classification number 302.34
100 ## - MAIN ENTRY--PERSONAL NAME
Personal name Galanes, Gloria J.
9 (RLIN) 25318
245 ## - TITLE STATEMENT
Title Effective group discussion :
Statement of responsibility, etc by Gloria Galanes [and] Katherine Adams
Remainder of title theory and practice /
246 ## - VARYING FORM OF TITLE
Title proper/short title 12th ed
260 ## - PUBLICATION, DISTRIBUTION, ETC. (IMPRINT)
Place of publication, distribution, etc New Delhi
Name of publisher, distributor, etc Tata McGraw Hill
Date of publication, distribution, etc 2010
270 ## - ADDRESS
Address 7 West Patel Nagar
City New Delhi
Postal code 110008
300 ## - PHYSICAL DESCRIPTION
Extent xvii, 473 p. :
Dimensions 24cm (pbk)
Other physical details ill.
500 ## - GENERAL NOTE
General note Includes index.
650 ## - SUBJECT ADDED ENTRY--TOPICAL TERM
9 (RLIN) 25319
Topical term or geographic name as entry element Small groups.
650 ## - SUBJECT ADDED ENTRY--TOPICAL TERM
9 (RLIN) 25343
Topical term or geographic name as entry element Communication in small groups.
650 ## - SUBJECT ADDED ENTRY--TOPICAL TERM
9 (RLIN) 25349
Topical term or geographic name as entry element Group problem solving.
650 ## - SUBJECT ADDED ENTRY--TOPICAL TERM
Topical term or geographic name as entry element Discussion.
9 (RLIN) 25356
700 ## - ADDED ENTRY--PERSONAL NAME
9 (RLIN) 25321
Personal name Adams, Katherine
700 ## - ADDED ENTRY--PERSONAL NAME
9 (RLIN) 25322
942 ## - ADDED ENTRY ELEMENTS (KOHA)
Source of classification or shelving scheme Dewey Decimal Classification
Item type English Books
Classification part 302.34
Call number suffix GAL
Holdings
Withdrawn status Lost status Source of classification or shelving scheme Damaged status Not for loan Collection code Home library Current library Date acquired Source of acquisition Cost, normal purchase price Total Checkouts Full call number Barcode Date last seen Copy number Cost, replacement price Koha item type
    Dewey Decimal Classification   Not For Loan Non-fiction D.B.Act.Division D.B.Act.Division 18/01/2011 DBAD/PUB 350.00   302.34 GAL EN-85431 18/01/2011 1 350.00 English Books

© Delhi Public Library
Hit Counter
free hit counter